[Event "GRE-chT 50th"]
[Site "Nikaia"]
[Date "2023.08.30"]
[Round "7.5"]
[White "Kratimenou, Maria"]
[Black "Kalyva, Kyriaki"]
[Result "1-0"]
[WhiteElo "1505"]
[BlackElo "1761"]
[PlyCount "117"]
[EventDate "2023.08.25"]
[EventType "team"]
[EventRounds "9"]
[EventCountry "GRE"]
[SourceTitle "EXT 2024"]
[Source "ChessBase"]
[SourceDate "2023.10.10"]
[SourceVersion "1"]
[SourceVersionDate "2023.10.10"]
[SourceQuality "1"]
[WhiteTeam "Panionios"]
[BlackTeam "Patron"]
[WhiteTeamCountry "GRE"]
[BlackTeamCountry "GRE"]

1. e4 c5 2. Nc3 Nc6 3. f4 a6 4. a4 e6 5. Bc4 Nge7 6. Nf3 d5 7. Bf1 d4 8. Ne2 d3 9. cxd3 Nb4 10. Nc3 Ng6 11. g3 h5 12. h4 b6 13. Kf2 Bb7 14. Qe2 Qd7 15. Ne1 0-0-0 16. b3 e5 17. Bh3 Qxh3 18. Rxh3 exf4 19. gxf4 Nxf4 20. Qf3 Bd6 21. Ne2 Ne6 22. Qf5 Kb8 23. Bb2 Bc8 24. Qf3 f5 25. e5 Bc7 26. Nf4 Nxf4 27. Qxf4 Nd5 28. Qg5 f4 29. Rh1 Rhf8 30. Rg1 Nb4 31. Rc1 Rxd3 32. Nxd3 Nxd3+ 33. Ke2 Nxb2 34. Rc2 Re8 35. Rxb2 Rxe5+ 36. Kf3 Rxg5 37. Rxg5 Bb7+ 38. Kf2 Bd8 39. Rxh5 Bf6 40. Rb1 Bd4+ 41. Kf1 g6 42. Rh7 Bc8 43. Re1 Bh3+ 44. Ke2 Kc8 45. Kf3 Bd7 46. Kxf4 Bf6 47. Kg3 Kd8 48. Rf7 Bd4 49. Ree7 Bc6 50. Rh7 b5 51. axb5 axb5 52. Kg4 c4 53. bxc4 b4 54. Rc7 Be8 55. Rb7 Be5 56. Rxb4 Bd7+ 57. Kg5 Bd6 58. Rb7 Be8 59. Rh8 1-0

[Event "Aegean op 45th"]
[Site "Aghios Kirykos"]
[Date "2022.07.17"]
[Round "9"]
[White "Bardis, Harilaos Panagiotis"]
[Black "Kalyva, Kyriaki"]
[Result "1/2-1/2"]
[WhiteElo "1924"]
[BlackElo "1775"]
[PlyCount "67"]
[EventDate "2022.07.09"]
[EventType "swiss"]
[EventRounds "9"]
[EventCountry "GRE"]
[SourceTitle "CBM 209 Extra"]
[Source "ChessBase"]
[SourceDate "2022.09.30"]
[SourceVersion "1"]
[SourceVersionDate "2022.09.30"]
[SourceQuality "1"]

1. e4 c5 2. Nf3 Nc6 3. d4 cxd4 4. Nxd4 Nf6 5. Nc3 e5 6. Ndb5 d6 7. Bg5 a6 8. Na3 b5 9. Nd5 Be7 10. Bxf6 Bxf6 11. c3 0-0 12. Nc2 Bg5 13. a4 bxa4 14. Rxa4 a5 15. Bc4 Rb8 16. b3 Kh8 17. Nce3 Bxe3 18. Nxe3 Ne7 19. 0-0 Bb7 20. Qd3 f5 21. Nxf5 Nxf5 22. exf5 d5 23. Bb5 Bc8 24. Bc6 Rxb3 25. Qxd5 Qxd5 26. Bxd5 Rxc3 27. Be6 Rc6 28. Bxc8 Rcxc8 29. Rxa5 Rxf5 30. Re1 Kg8 31. g4 Rf4 32. h3 Rc2 33. Rexe5 Rcxf2 34. Ra8+ 1/2-1/2

[Event "Aegean op 45th"]
[Site "Aghios Kirykos"]
[Date "2022.07.14"]
[Round "6"]
[White "Sarandos, Vasilios"]
[Black "Kalyva, Kyriaki"]
[Result "0-1"]
[WhiteElo "2158"]
[BlackElo "1775"]
[PlyCount "68"]
[EventDate "2022.07.09"]
[EventType "swiss"]
[EventRounds "9"]
[EventCountry "GRE"]
[SourceTitle "CBM 209 Extra"]
[Source "ChessBase"]
[SourceDate "2022.09.30"]
[SourceVersion "1"]
[SourceVersionDate "2022.09.30"]
[SourceQuality "1"]

1. d4 d5 2. Bg5 f6 3. Bh4 c5 4. dxc5 e5 5. e4 d4 6. Bc4 Bxc5 7. Nd2 Ne7 8. Qh5+ g6 9. Qh6 Qb6 10. Qg7 Rf8 11. Qxh7 Be6 12. 0-0-0 Bxc4 13. Nxc4 Qa6 14. Nd2 Qxa2 15. Nb3 Nd7 16. Ne2 Rc8 17. Rd3 a5 18. Nxc5 Nxc5 19. Ra3 Nb3+ 20. Rxb3 Qxb3 21. Nc3 Qc4 22. f4 dxc3 23. b3 Qxe4 24. fxe5 Rf7 25. Qh6 fxe5 26. Kb1 Qb4 27. Bg5 Qa3 28. Bc1 Qd6 29. Re1 a4 30. Qh8+ Rf8 31. Qh4 axb3 32. Qa4+ Rc6 33. Ba3 bxc2+ 34. Ka1 Qxa3+ 0-1

[Event "Patras Finest Rapid 1st"]
[Site "Patras"]
[Date "2022.07.03"]
[Round "5"]
[White "Kalyva, Kyriaki"]
[Black "Deligiannis, Paraskevas1111"]
[Result "0-1"]
[WhiteElo "1710"]
[BlackElo "1938"]
[PlyCount "57"]
[EventDate "2022.07.03"]
[EventType "swiss (rapid)"]
[EventRounds "7"]
[EventCountry "GRE"]
[SourceTitle "EXT 2023"]
[Source "ChessBase"]
[SourceDate "2022.10.05"]
[SourceVersion "1"]
[SourceVersionDate "2022.10.05"]
[SourceQuality "1"]

1. d4 Nf6 2. c4 g6 3. Nc3 Bg7 4. e4 d6 5. h3 c5 6. Nf3 cxd4 7. Nxd4 Nc6 8. Be3 0-0 9. Be2 Bd7 10. Bg4 Nxd4 11. Bxd4 Qa5 12. Bxd7 Nxd7 13. Bxg7 Kxg7 14. 0-0 Rfc8 15. Qd4+ Qe5 16. Rad1 Qxd4 17. Rxd4 a6 18. f4 f6 19. Nd5 Kf7 20. e5 dxe5 21. fxe5 Nxe5 22. Nb6 Rd8 23. Rh4 Rab8 24. Rh5 h6 25. Rxh6 Ke6 26. Rh7 Rd7 27. Nd5 g5 28. Rd1 Nxc4 29. h4 0-1

[Event "Nikaia op 28th"]
[Site "Nikaia"]
[Date "2021.08.23"]
[Round "3"]
[White "Finokaliotis, Georgios"]
[Black "Kalyva, Kyriaki"]
[Result "1-0"]
[WhiteElo "2100"]
[BlackElo "1823"]
[PlyCount "107"]
[EventDate "2021.08.21"]
[EventType "swiss"]
[EventRounds "7"]
[EventCountry "GRE"]
[SourceTitle "CBM 204 Extra"]
[Source "ChessBase"]
[SourceDate "2021.11.30"]
[SourceVersion "1"]
[SourceVersionDate "2021.11.30"]
[SourceQuality "1"]

1. d4 d5 2. Nf3 Nf6 3. g3 e6 4. Bg2 Be7 5. 0-0 0-0 6. b3 b6 7. c4 Bb7 8. Ne5 Na6 9. Nc3 Ne4 10. Bb2 f6 11. Nd3 c5 12. Nf4 Qd6 13. dxc5 Naxc5 14. cxd5 Nxc3 15. Bxc3 e5 16. Nd3 Bxd5 17. Bxd5+ Qxd5 18. Bb4 Rfd8 19. Nxc5 Bxc5 20. Qxd5+ Rxd5 21. e4 Rd4 22. Bxc5 bxc5 23. Rac1 Rc8 24. f3 a5 25. Rc3 a4 26. Rfc1 axb3 27. axb3 Rb4 28. Ra1 Rcb8 29. Ra3 Kf7 30. Kf2 Ke7 31. Ke3 Kd6 32. Kd3 Kc6 33. Ra6+ R8b6 34. Ra7 Rb7 35. Rxb7 Rxb7 36. Kc2 Kb5 37. Rd3 Kb4 38. Kb2 Ra7 39. Rd8 Kb5 40. h4 Rb7 41. Rc8 Rd7 42. Kc2 Kb6 43. Rh8 h6 44. h5 Kc6 45. Rg8 Kd6 46. Kc3 Rc7 47. Kc4 Ke6 48. Rd8 Rb7 49. Rd3 f5 50. Kxc5 fxe4 51. fxe4 Kf6 52. b4 Kg5 53. b5 Kxh5 54. b6 1-0

[Event "FIDE World Uni Rapid-C 1st"]
[Site "Tornelo INT"]
[Date "2021.03.20"]
[Round "4"]
[White "Laurusas, Tomas"]
[Black "Kalyva, Kyriaki"]
[Result "1-0"]
[WhiteElo "2505"]
[BlackElo "1823"]
[PlyCount "81"]
[EventDate "2021.03.20"]
[EventType "swiss (rapid)"]
[EventRounds "12"]
[EventCountry "NET"]
[SourceTitle "CBM 201 Extra"]
[Source "ChessBase"]
[SourceDate "2021.05.31"]
[SourceVersion "1"]
[SourceVersionDate "2021.05.31"]
[SourceQuality "1"]

1. d4 d5 2. c4 c6 3. Nf3 Nf6 4. Nc3 e6 5. e3 Nbd7 6. Bd3 dxc4 7. Bxc4 b5 8. Bd3 a6 9. a4 b4 10. Ne4 c5 11. 0-0 Bb7 12. Ng3 Rc8 13. Qe2 cxd4 14. exd4 Be7 15. Bxa6 Bxa6 16. Qxa6 0-0 17. Qe2 Nb6 18. Bg5 Nbd5 19. Ne5 Qb6 20. Rfd1 b3 21. a5 Qa7 22. Qd3 Rfd8 23. Qxb3 Nb4 24. Be3 Nfd5 25. Ra4 f6 26. Nf3 Rc6 27. Bd2 Na6 28. Re1 Rb8 29. Qa2 Qb7 30. Rc4 Rd6 31. Ne4 Rc6 32. Nc3 Ndb4 33. Qb3 Rd6 34. Ne4 Rd5 35. Nc5 Nxc5 36. dxc5 Bxc5 37. Rxe6 Qf7 38. Rxb4 Rbd8 39. Rbe4 Kf8 40. h3 Qa7 41. Bb4 1-0

[Event "Balkan-ch U18 Girls"]
[Site "Tornelo INT"]
[Date "2020.10.31"]
[Round "3"]
[White "Kalyva, Kyriaki"]
[Black "Bucur, Denisa Andreea"]
[Result "0-1"]
[WhiteElo "1710"]
[BlackElo "1751"]
[PlyCount "80"]
[EventDate "2020.10.31"]
[EventType "swiss"]
[EventRounds "7"]
[EventCountry "NET"]
[SourceTitle "EXT 2023"]
[Source "ChessBase"]
[SourceDate "2022.10.05"]
[SourceVersion "1"]
[SourceVersionDate "2022.10.05"]
[SourceQuality "1"]

1. d4 Nf6 2. c4 e6 3. Nc3 Bb4 4. a3 Bxc3+ 5. bxc3 Nc6 6. f3 b6 7. e4 Ba6 8. Bd3 Na5 9. Qe2 d6 10. Bg5 h6 11. Bh4 g5 12. Bf2 Qd7 13. e5 Nh5 14. g3 Qa4 15. Qe4 Bb7 16. Qg4 Ng7 17. exd6 cxd6 18. d5 f5 19. Qd4 e5 20. Qe3 Nxc4 21. Qe2 Bxd5 22. h4 g4 23. fxg4 0-0-0 24. gxf5 Bxh1 25. Bxc4 Kb8 26. f6 Ne8 27. f7 Nc7 28. Nh3 Bd5 29. Bd3 e4 30. Bc2 Qc6 31. Bd4 Rhf8 32. Nf4 Bc4 33. Bxe4 d5 34. Bd3 Rxf7 35. Kd2 Re8 36. Qh5 Rfe7 37. a4 Bxd3 38. Kxd3 Qc4+ 39. Kd2 Re4 40. Bf2 Rxf4 0-1

[Event "Ef Agonizesthai rapid op 9th"]
[Site "Pyrgos"]
[Date "2019.08.18"]
[Round "7.5"]
[White "Kalyva, Kyriaki"]
[Black "Karapiperis, Alexandros"]
[Result "1-0"]
[WhiteElo "1706"]
[BlackElo "1987"]
[PlyCount "81"]
[EventDate "2019.08.16"]
[EventType "swiss (rapid)"]
[EventRounds "9"]
[EventCountry "GRE"]
[SourceTitle "EXT 2020"]
[Source "ChessBase"]
[SourceDate "2019.10.17"]
[SourceVersion "1"]
[SourceVersionDate "2019.10.17"]
[SourceQuality "1"]

1. d4 d5 2. c4 e6 3. Nc3 Nf6 4. cxd5 exd5 5. Bg5 c6 6. Qc2 Be7 7. e3 Nbd7 8. Bd3 h6 9. Bh4 Nh5 10. Bxe7 Qxe7 11. Nf3 Nf4 12. 0-0 Nxd3 13. Qxd3 0-0 14. Rfe1 Nf6 15. e4 dxe4 16. Nxe4 Nxe4 17. Rxe4 Qd6 18. Qc3 Be6 19. Rae1 Rad8 20. a3 Bd5 21. Re7 Bxf3 22. Qxf3 Rd7 23. R7e4 Qd5 24. Qg3 Qc4 25. Qe5 Rfd8 26. Rg4 g6 27. Qf6 Rd6 28. Qe7 R6d7 29. Qf6 Qd3 30. h3 Rd6 31. Qe7 R8d7 32. Qe8+ Kg7 33. Qe5+ Kh7 34. Rf4 Rxd4 35. Rf3 Qb5 36. Qe8 Qd5 37. Kh2 Qd6+ 38. g3 Kg7 39. Qa8 a6 40. Re8 Rd3 41. Rg8+ 1-0

[Event "Ef Agonizesthai rapid op 9th"]
[Site "Pyrgos"]
[Date "2019.08.18"]
[Round "8.4"]
[White "Makridis, Dimitrios"]
[Black "Kalyva, Kyriaki"]
[Result "1-0"]
[WhiteElo "1820"]
[BlackElo "1706"]
[PlyCount "105"]
[EventDate "2019.08.16"]
[EventType "swiss (rapid)"]
[EventRounds "9"]
[EventCountry "GRE"]
[SourceTitle "EXT 2020"]
[Source "ChessBase"]
[SourceDate "2019.10.17"]
[SourceVersion "1"]
[SourceVersionDate "2019.10.17"]
[SourceQuality "1"]

1. e4 c5 2. Nc3 Nc6 3. Bb5 g6 4. Bxc6 dxc6 5. d3 Bg7 6. Be3 b6 7. Qd2 Qc7 8. Nge2 Bd7 9. h3 h6 10. a4 a5 11. f4 e5 12. 0-0 0-0-0 13. fxe5 Be6 14. Nf4 Bxe5 15. Nxe6 fxe6 16. Bf4 g5 17. Bxe5 Qxe5 18. Qf2 Ne7 19. Qf6 Qd4+ 20. Kh1 Kd7 21. Qxd4+ cxd4 22. Nb1 Rdf8 23. Nd2 Kc7 24. Nf3 Rd8 25. Ne5 Rdf8 26. Nf3 c5 27. Rf2 Nc6 28. Raf1 Rf4 29. g3 Rf7 30. Nxd4 Rxf2 31. Nb5+ Kd7 32. Rxf2 Ne5 33. Kg2 Ke7 34. Rd2 Rd8 35. b3 c4 36. d4 cxb3 37. cxb3 Nc6 38. d5 Nb4 39. d6+ Kf6 40. Kf3 Ke5 41. Ke3 Rd7 42. g4 Na6 43. Nd4 Nc5 44. Nc6+ Kf6 45. Rf2+ Kg7 46. e5 Rb7 47. Rc2 Rd7 48. Nd4 Kf7 49. Rf2+ Kg7 50. Rf6 Rf7 51. Nxe6+ Nxe6 52. Rxe6 Rf1 53. d7 1-0

[Event "GRE-chT 47th"]
[Site "Patras"]
[Date "2019.07.04"]
[Round "4.1"]
[White "Kalyva, Kyriaki"]
[Black "Tsolakidou, Stavroula"]
[Result "0-1"]
[WhiteElo "1869"]
[BlackElo "2423"]
[PlyCount "90"]
[EventDate "2019.07.02"]
[EventType "team-swiss"]
[EventRounds "7"]
[EventCountry "GRE"]
[SourceTitle "CBM 191 Extra"]
[Source "ChessBase"]
[SourceDate "2019.09.30"]
[SourceVersion "1"]
[SourceVersionDate "2019.09.30"]
[SourceQuality "1"]
[WhiteTeam "Heraklion OF"]
[BlackTeam "Kavalas"]
[WhiteTeamCountry "GRE"]
[BlackTeamCountry "GRE"]

1. d4 Nf6 2. c4 e6 3. Nc3 Bb4 4. a3 Bxc3+ 5. bxc3 0-0 6. f3 Nh5 7. Nh3 f5 8. Bg5 Nf6 9. e3 h6 10. Bh4 d6 11. Bd3 Qe8 12. Qc2 e5 13. 0-0 Nh7 14. Be1 Nc6 15. Bd2 Kh8 16. Nf2 Bd7 17. f4 exf4 18. e4 g5 19. exf5 Qf7 20. Ne4 Bxf5 21. g3 fxg3 22. Nxg3 Bxd3 23. Qxd3 Qd7 24. Nf5 Rf6 25. Rf2 Ne7 26. Nxe7 Qxe7 27. Re1 Qg7 28. Be3 Re8 29. Ree2 Rxf2 30. Bxf2 Rxe2 31. Qxe2 Qf7 32. d5 b6 33. Bd4+ Kg8 34. Qg4 Nf8 35. h4 Qe7 36. Qh5 Qe1+ 37. Kg2 Qxh4 38. Qxh4 gxh4 39. Bf6 Nd7 40. Bxh4 Ne5 41. Bd8 Kf7 42. Kf2 Ke8 43. Bh4 Nxc4 44. Ke2 Nxa3 45. Kd3 b5 0-1

[Event "Wch U16 Girls"]
[Site "Porto Carras"]
[Date "2018.10.28"]
[Round "9.19"]
[White "Kalyva, Kyriaki"]
[Black "Zhang, Xiao"]
[Result "0-1"]
[WhiteElo "1779"]
[BlackElo "1980"]
[PlyCount "104"]
[EventDate "2018.10.20"]
[EventType "swiss"]
[EventRounds "11"]
[EventCountry "GRE"]
[SourceTitle "CBM 187 Extra"]
[Source "ChessBase"]
[SourceDate "2018.11.04"]
[SourceVersion "1"]
[SourceVersionDate "2018.11.04"]
[SourceQuality "1"]

1. d4 d5 2. c4 dxc4 3. e3 Nf6 4. Bxc4 e6 5. Nf3 c5 6. 0-0 Nc6 7. Qe2 a6 8. Rd1 b5 9. Bd3 Nb4 10. e4 c4 11. Bc2 Nxc2 12. Qxc2 Bb7 13. Nc3 b4 14. e5 bxc3 15. exf6 gxf6 16. Qxc3 Qd5 17. Bf4 h5 18. Rac1 Rc8 19. b3 Ba3 20. Rc2 Qe4 21. bxc4 Bb4 22. Qb2 Qxf4 23. Qxb4 Bxf3 24. gxf3 Qxf3 25. Qa4+ Kf8 26. Qb4+ Kg7 27. Qd2 Rhg8 28. Kf1 Qh1+ 29. Ke2 Qxh2 30. Rcc1 Qh4 31. Rg1+ Kh7 32. Qd3+ f5 33. Rh1 Qg4+ 34. Kd2 Rcd8 35. Kc3 Kh6 36. Rh2 Rg5 37. Rch1 f4 38. Rh4 Qf5 39. Qxf5 Rxf5 40. f3 Kg6 41. Kd3 f6 42. Re1 Ra5 43. Rxe6 Ra3+ 44. Kc2 Rxd4 45. c5 Rxf3 46. Rxa6 Kg5 47. Rh1 Rc4+ 48. Kd2 Rxc5 49. Ra8 Kg4 50. Rf8 Rf2+ 51. Kd1 Rxa2 52. Rg8+ Rg5 0-1

[Event "Wch U16 Girls"]
[Site "Porto Carras"]
[Date "2018.10.21"]
[Round "3"]
[White "Kalyva, Kyriaki"]
[Black "Kucharska, Honorata"]
[Result "1/2-1/2"]
[WhiteElo "1779"]
[BlackElo "2073"]
[PlyCount "130"]
[EventDate "2018.10.20"]
[EventType "swiss"]
[EventRounds "11"]
[EventCountry "GRE"]
[SourceTitle "CBM 187 Extra"]
[Source "ChessBase"]
[SourceDate "2018.11.04"]
[SourceVersion "1"]
[SourceVersionDate "2018.11.04"]
[SourceQuality "1"]

1. d4 d6 2. c4 Nf6 3. Nc3 Nbd7 4. e4 e5 5. Nf3 g6 6. g3 Bg7 7. Bg2 0-0 8. 0-0 c6 9. Re1 Qc7 10. b3 Re8 11. Ba3 Bf8 12. d5 c5 13. Bc1 a6 14. a4 Bg7 15. Ra2 Nf8 16. Qd3 Bd7 17. Nh4 Qd8 18. h3 Nh5 19. Rae2 Rb8 20. Nf3 f5 21. Nh2 Nf6 22. f4 Nh5 23. exf5 gxf5 24. fxe5 Bxe5 25. g4 Ng7 26. Nf3 Ng6 27. Nxe5 Nxe5 28. Qg3 Qf6 29. gxf5 Bxf5 30. Ne4 Bxe4 31. Bxe4 Ng6 32. Bb2 Qf4 33. Qxf4 Nxf4 34. Re3 Rf8 35. Bc2 Nf5 36. Rf3 Nd4 37. Rg3+ Kf7 38. Bxd4 cxd4 39. Bxh7 Rbe8 40. Rf1 Ke7 41. Rgf3 Ne2+ 42. Kf2 Nc3 43. Re1+ Kd8 44. Rxe8+ Rxe8 45. Rd3 Rf8+ 46. Rf3 Re8 47. Rf4 Re2+ 48. Kf3 Re3+ 49. Kg4 Ne2 50. Rf3 Re7 51. Bd3 Rg7+ 52. Kh4 Nc1 53. Kh5 Nxb3 54. Kh6 Re7 55. h4 Nc5 56. Kg6 Nd7 57. Rh3 Ne5+ 58. Kg5 Ke8 59. h5 Kf8 60. h6 Kg8 61. Kf6 Re8 62. Bf5 Kh8 63. Rb3 Rf8+ 64. Ke6 Re8+ 65. Kf6 Rf8+ 1/2-1/2

[Event "Wch U16 Girls"]
[Site "Porto Carras"]
[Date "2018.10.21"]
[Round "2"]
[White "Sankova, Stella"]
[Black "Kalyva, Kyriaki"]
[Result "0-1"]
[WhiteElo "2051"]
[BlackElo "1779"]
[PlyCount "106"]
[EventDate "2018.10.20"]
[EventType "swiss"]
[EventRounds "11"]
[EventCountry "GRE"]
[SourceTitle "CBM 187 Extra"]
[Source "ChessBase"]
[SourceDate "2018.11.04"]
[SourceVersion "1"]
[SourceVersionDate "2018.11.04"]
[SourceQuality "1"]

1. e4 c5 2. Nc3 a6 3. f4 b5 4. Nf3 Bb7 5. d3 Nf6 6. g3 e6 7. Bg2 d5 8. e5 Nfd7 9. 0-0 Nc6 10. f5 Be7 11. fxe6 fxe6 12. Bh3 Nf8 13. Ne2 Qd7 14. a4 b4 15. c3 0-0-0 16. cxb4 Nxb4 17. d4 Nc6 18. Be3 Rg8 19. dxc5 g5 20. g4 Ng6 21. Bd4 Qc7 22. Rc1 Rdf8 23. Qd3 Nb4 24. Qd2 Nc6 25. Qc3 Nf4 26. Nxf4 Rxf4 27. Be3 Rc4 28. Qd3 Nxe5 29. Nxe5 Qxe5 30. b3 Re4 31. c6 Rxe3 32. cxb7+ Kxb7 33. Qxh7 Rg7 34. Qh8 Bd6 35. Bg2 Rc7 36. Rxc7+ Bxc7 37. Qxe5 Bxe5 38. Rf7+ Kb6 39. Re7 Bd4 40. Kf1 Kc6 41. Re8 Kd6 42. Ra8 Rxb3 43. Rxa6+ Ke5 44. Ke2 Rb2+ 45. Kf3 Rf2+ 46. Kg3 Be3 47. Ra8 Kd4 48. a5 e5 49. a6 Rf6 50. Bf3 e4 51. Be2 Rf2 52. Bb5 Rb2 53. Bc6 Bf4+ 0-1

[Event "Wch U16 Girls"]
[Site "Porto Carras"]
[Date "2018.10.20"]
[Round "1"]
[White "Kalyva, Kyriaki"]
[Black "Ouellet, Maili Jade"]
[Result "1/2-1/2"]
[WhiteElo "1779"]
[BlackElo "2122"]
[PlyCount "69"]
[EventDate "2018.10.20"]
[EventType "swiss"]
[EventRounds "11"]
[EventCountry "GRE"]
[SourceTitle "CBM 187 Extra"]
[Source "ChessBase"]
[SourceDate "2018.11.04"]
[SourceVersion "1"]
[SourceVersionDate "2018.11.04"]
[SourceQuality "1"]

1. d4 d5 2. c4 e6 3. Nc3 Nf6 4. cxd5 exd5 5. Bg5 Be7 6. Qc2 0-0 7. e3 c6 8. Bd3 Nbd7 9. Nf3 Re8 10. 0-0 Nf8 11. Rab1 Ne4 12. Bxe7 Qxe7 13. b4 a6 14. a4 Ng6 15. Ne2 Bg4 16. Nd2 Nh4 17. Kh1 Rad8 18. Ng3 Nxg3+ 19. hxg3 Rd6 20. Kg1 Rh6 21. Rfe1 Ng6 22. e4 Nf8 23. Qc5 Qg5 24. f4 Qh5 25. exd5 Rxe1+ 26. Rxe1 Qxd5 27. Bc4 Qxc5 28. dxc5 Be6 29. Bd3 Rh5 30. Be4 a5 31. Bf3 Rf5 32. Be4 Rh5 33. Bf3 Rf5 34. Be4 Rh5 35. Bf3 1/2-1/2